| 000 | 00417nam a2200157Ia 4500 | ||
|---|---|---|---|
| 008 | 180921t2014 xxu||||| |||| 00| 0 sin d | ||
| 041 | _asin | ||
| 080 |
_aX92 _bALU |
||
| 245 | _aඅලුත් සිතක් අලුත් ලොවක් | ||
| 246 | _aAluth Sithak Aluth Lowak | ||
| 260 |
_b _aPannipitiya _c2014 |
||
| 300 | _b86p, 21cm | ||
| 942 | _cBK | ||
| 999 |
_c255 _d255 |
||
| 003 | LK-CoDNM | ||
| 040 |
_aLK-CoDNM _dLK-CoDNM _eLK-CoDNM |
||